000 00963nam a2200277Ia 4500
003 OSt
005 20221005110250.0
006 a|||||r|||| 00| 0
007 ta
008 221004b |||||||| |||| 00| 0 ben d
020 _a8126003170
024 _a29425
037 _cTextual
040 _aCRL
_cCRL
_bben
041 _2ben
_aben
082 _aO157,2M61,TD, 152N8
100 _aरवीन्द्रनाथ ठाकुर
245 0 _aताश का देश
246 _aTāsh kā desha
260 _aनई दिल्ली
_bसाहित्रू अकादमी भारत
_c1998
300 _a63पृ0
_ccm.
650 _aबंगाली साहित्य
700 _a साहा, रणजीत, अनु.
942 _hO157,2M61,TD, 152N8
_cTEXL
_2cc
999 _c1018274
_d1018274